| 000 -LEADER |
| fixed length control field |
nam a22 a 4500 |
| 005 - DATE AND TIME OF LATEST TRANSACTION |
| control field |
20170523093634.0 |
| 008 - FIXED-LENGTH DATA ELEMENTS--GENERAL INFORMATION |
| fixed length control field |
170523b2009 nju||||| |||| 00| 0 eng d |
| 020 ## - INTERNATIONAL STANDARD BOOK NUMBER |
| International Standard Book Number |
9780470233795 (pbk.) : |
| 020 ## - INTERNATIONAL STANDARD BOOK NUMBER |
| International Standard Book Number |
0470233796 (pbk.) : |
| 040 ## - CATALOGING SOURCE |
| Original cataloging agency |
AKMAL |
| 082 04 - DEWEY DECIMAL CLASSIFICATION NUMBER |
| Classification number |
658.5 RUS |
| 090 ## - LOCALLY ASSIGNED LC-TYPE CALL NUMBER (OCLC); LOCAL CALL NUMBER (RLIN) |
| Classification number (OCLC) (R) ; Classification number, CALL (RLIN) (NR) |
658.8 |
| Local cutter number (OCLC) ; Book number/undivided call number, CALL (RLIN) |
RUS |
| 100 1# - MAIN ENTRY--PERSONAL NAME |
| Personal name |
Russell, Roberta S. |
| 9 (RLIN) |
6987 |
| 245 10 - TITLE STATEMENT |
| Title |
Operations management : |
| Remainder of title |
along the supply chain / |
| Statement of responsibility, etc. |
Roberta S. Russell, Bernard W. Taylor III. |
| 250 ## - EDITION STATEMENT |
| Edition statement |
International student version., 6th ed. |
| 260 ## - PUBLICATION, DISTRIBUTION, ETC. |
| Place of publication, distribution, etc. |
Hoboken, N.J. : |
| Name of publisher, distributor, etc. |
Wiley ; |
| 260 ## - PUBLICATION, DISTRIBUTION, ETC. |
| Place of publication, distribution, etc. |
[Chichester : |
| Name of publisher, distributor, etc. |
John Wiley, distributor], |
| Date of publication, distribution, etc. |
c2009. |
| 300 ## - PHYSICAL DESCRIPTION |
| Extent |
xxviii, 776 p. : |
| Other physical details |
ol. ill., col. ports. ; |
| Dimensions |
28cm |
| 500 ## - GENERAL NOTE |
| General note |
Previous ed.: Hoboken, N.J.: John Wiley, 2006. |
| 504 ## - BIBLIOGRAPHY, ETC. NOTE |
| Bibliography, etc. note |
Includes bibliographical references and index. |
| 650 #0 - SUBJECT ADDED ENTRY--TOPICAL TERM |
| Topical term or geographic name entry element |
Production management. |
| 9 (RLIN) |
6933 |
| 650 #0 - SUBJECT ADDED ENTRY--TOPICAL TERM |
| Topical term or geographic name entry element |
Business logistics. |
| 9 (RLIN) |
6988 |
| 700 1# - ADDED ENTRY--PERSONAL NAME |
| Personal name |
Taylor, Bernard W., |
| Titles and other words associated with a name |
III. |
| 9 (RLIN) |
6989 |
| 852 41 - LOCATION |
| Location |
British Library |
| Sublocation or collection |
HMNTS |
| 942 ## - ADDED ENTRY ELEMENTS (KOHA) |
| Source of classification or shelving scheme |
|
| Koha item type |
Book |